00909cam a2200241 a 450000100100000000500170001000800410002704000250006808200170009310000530011024501100016326000360027330000210030949000100033050000430034065000280038365000300041170000390044173000280048083000160050895201280052499900150065200000112220200929145501.0870406 19uu sp 000 p spa d aDO-SdBNPbspacBNPHU aU861.3bZ88t1 aZorrilla de San Martín, Juan,d1855-19319384510aTabaré (poema) ; y la leyenda patria /cJuan Zorrilla de San Martín ; prólogo de Juan De Dios Peza. aBarcelona :bB. Bauza,c[19??]. a248 p. ;c19 cm.1 aApolo aContiene notas marginales aclaratorias 4aPoesía uruguaya93846 4aLiteratura uruguaya930541 aPeza, Juan De Dios,epról.9384732aLa leyenda patria93848 0aApolo93849 001054758DSaBNPHUbBNPHUcHDd2009-09-03iLF1l0oU861.3 Z88tp1122-10r2020-06-25w2020-06-25yLF1ZPréstamo en sala c1079d1079